[Event "POL-ch U16"]
[Site "Jastrzebia Gora"]
[Date "2023.??.??"]
[Round "8"]
[White "Duda, Szymon"]
[Black "Janeczko, Jakub"]
[Result "0-1"]
[WhiteElo "1768"]
[BlackElo "2221"]
[PlyCount "150"]
[EventDate "2023.03.11"]
[EventType "swiss"]
[EventRounds "9"]
[EventCountry "POL"]
[SourceTitle "CBM 213 Extra"]
[Source "ChessBase"]
[SourceDate "2023.05.31"]
[SourceVersion "1"]
[SourceVersionDate "2023.05.31"]
[SourceQuality "1"]

1. d4 Nf6 2. c4 g6 3. Nf3 Bg7 4. g3 0-0 5. Bg2 c5 6. d5 e6 7. Nc3 exd5 8. cxd5 d6 9. 0-0 Bf5 10. Nd2 Qd7 11. e4 Bh3 12. a4 a6 13. Nc4 Bxg2 14. Kxg2 Qc7 15. Bf4 Ne8 16. Re1 Nd7 17. a5 h6 18. h4 Kh7 19. Qc2 Ndf6 20. Rad1 Rd8 21. f3 Qe7 22. Bxd6 Nxd6 23. Nxd6 Qxd6 24. e5 Qd7 25. exf6 Bxf6 26. Ne4 Bg7 27. Rd2 Rc8 28. h5 c4 29. d6 Rc6 30. Red1 f5 31. hxg6+ Kxg6 32. Nc3 Rf6 33. Nd5 Rfxd6 34. Nf4+ Kh7 35. Rxd6 Rxd6 36. Rxd6 Qxd6 37. Qxf5+ Kg8 38. Qc8+ Kh7 39. Qxc4 Qd2+ 40. Kh3 Qxa5 41. Qe4+ Kg8 42. Qe8+ Kh7 43. Qg6+ Kg8 44. Qe6+ Kh7 45. Qg6+ Kh8 46. Nh5 Bxb2 47. Qe8+ Kh7 48. Qf7+ Kh8 49. Qe8+ Kh7 50. Qe7+ Kg8 51. Qe8+ Kh7 52. Qd7+ Kg8 53. Qc8+ Kf7 54. Qxb7+ Ke8 55. Qc8+ Ke7 56. Qb7+ Kd6 57. Qb8+ Kc6 58. Nf4 Qb5 59. Qc8+ Kb6 60. Qd8+ Kc6 61. Qc8+ Kb6 62. Qd8+ Kc6 63. Qc8+ Kd6 64. Qf8+ Kc7 65. Qxh6 a5 66. Qh7+ Qd7+ 67. Qxd7+ Kxd7 68. Nd3 Bc3 69. f4 Kc6 70. f5 Kd5 71. Kg4 Kc4 72. Nc1 Bb2 73. Ne2 a4 74. f6 a3 75. Kg5 a2 0-1

[Event "POL-ch U16"]
[Site "Jastrzebia Gora"]
[Date "2023.??.??"]
[Round "5"]
[White "Maslanka, Wojciech"]
[Black "Duda, Szymon"]
[Result "1/2-1/2"]
[WhiteElo "2090"]
[BlackElo "1768"]
[PlyCount "63"]
[EventDate "2023.03.11"]
[EventType "swiss"]
[EventRounds "9"]
[EventCountry "POL"]
[SourceTitle "CBM 213 Extra"]
[Source "ChessBase"]
[SourceDate "2023.05.31"]
[SourceVersion "1"]
[SourceVersionDate "2023.05.31"]
[SourceQuality "1"]

1. e4 c5 2. Nf3 Nc6 3. Nc3 e6 4. d4 cxd4 5. Nxd4 Nf6 6. Nxc6 bxc6 7. e5 Nd5 8. Ne4 Qc7 9. f4 Rb8 10. a3 Qb6 11. c4 Ne3 12. Qd3 Nxf1 13. Rxf1 c5 14. Bd2 Qxb2 15. Ke2 Qb3 16. Rab1 Qxd3+ 17. Kxd3 Rxb1 18. Rxb1 d5 19. exd6 f5 20. Nxc5 Bxd6 21. Nb3 Kf7 22. c5 Ba6+ 23. Ke3 Be7 24. Bb4 g5 25. c6 gxf4+ 26. Kxf4 Rc8 27. Na5 Bd8 28. Nb7 Bc7+ 29. Kf3 Bd3 30. Rd1 Be4+ 31. Kf2 Bxc6 32. Nd6+ 1/2-1/2

[Event "POL-ch U16"]
[Site "Jastrzebia Gora"]
[Date "2023.??.??"]
[Round "3"]
[White "Wandor, Adam"]
[Black "Duda, Szymon"]
[Result "0-1"]
[WhiteElo "1641"]
[BlackElo "1768"]
[PlyCount "120"]
[EventDate "2023.03.11"]
[EventType "swiss"]
[EventRounds "9"]
[EventCountry "POL"]
[SourceTitle "CBM 213 Extra"]
[Source "ChessBase"]
[SourceDate "2023.05.31"]
[SourceVersion "1"]
[SourceVersionDate "2023.05.31"]
[SourceQuality "1"]

1. e4 e5 2. Nf3 Nc6 3. Bb5 a6 4. Ba4 Nf6 5. 0-0 b5 6. Bb3 Be7 7. Re1 0-0 8. d4 d6 9. Bd5 Nxd5 10. exd5 Nxd4 11. Nxd4 exd4 12. Qxd4 Bf6 13. Qd3 Re8 14. Rd1 Qe7 15. h3 g6 16. c3 Bf5 17. Qf1 Qe2 18. Na3 Rab8 19. Qxe2 Rxe2 20. Bd2 Rbe8 21. Re1 Bd3 22. Rac1 Rxe1+ 23. Bxe1 b4 24. Nb1 Re2 25. Nd2 Bg5 26. cxb4 Bxd2 27. Bxd2 Rxd2 28. Rxc7 Rd1+ 29. Kh2 Bb5 30. b3 Rxd5 31. a4 Be2 32. Rc2 Bd3 33. Rd2 Be4 34. Re2 Bf5 35. g4 Be6 36. Rc2 Rd4 37. Rc6 Rxb4 38. Rxd6 Bxb3 39. Rxa6 Rxa4 40. Rb6 Ra3 41. f4 Kg7 42. Rb4 Be6 43. Rd4 h5 44. f5 gxf5 45. gxh5 Kh6 46. Rf4 Kxh5 47. Rd4 Kg5 48. h4+ Kh5 49. Rb4 Re3 50. Rb8 Kxh4 51. Rg8 Re2+ 52. Kg1 Re4 53. Kf2 Rg4 54. Rh8+ Kg5 55. Rh3 Rf4+ 56. Ke3 Rh4 57. Rg3+ Rg4 58. Rf3 Bd5 59. Rh3 Re4+ 60. Kf2 Rh4 0-1

[Event "POL-chT U18 1st"]
[Site "Poland"]
[Date "2022.06.28"]
[Round "4.3"]
[White "Maj, Samuel"]
[Black "Duda, Szymon"]
[Result "1-0"]
[WhiteElo "1935"]
[BlackElo "1587"]
[PlyCount "118"]
[EventDate "2022.06.25"]
[EventType "team-swiss"]
[EventRounds "9"]
[EventCountry "POL"]
[SourceTitle "EXT 2023"]
[Source "ChessBase"]
[SourceDate "2022.10.05"]
[SourceVersion "1"]
[SourceVersionDate "2022.10.05"]
[SourceQuality "1"]
[WhiteTeam "Myslenice MAT"]
[BlackTeam "Wieliczka MKS MOS"]
[WhiteTeamCountry "POL"]
[BlackTeamCountry "POL"]

1. d4 d6 2. c4 e5 3. d5 f5 4. e4 Nf6 5. exf5 Bxf5 6. Nc3 Be7 7. Nge2 0-0 8. Ng3 Bd7 9. f3 a5 10. Be3 Na6 11. Bd3 Qe8 12. 0-0 b6 13. Bc2 Nc5 14. b3 Nh5 15. Qb1 Nf6 16. a3 Kh8 17. b4 Nb7 18. Qd1 Qf7 19. Qd3 Qg8 20. Rae1 Rae8 21. Re2 Rf7 22. h3 Ref8 23. Rfe1 g5 24. Qd2 Rg7 25. Nf5 Bxf5 26. Bxf5 h6 27. g4 Ra8 28. h4 Nh7 29. Ne4 Nf6 30. hxg5 Nxe4 31. Bxe4 Bxg5 32. Rh2 Qd8 33. Bxg5 Qxg5 34. Rxh6+ Kg8 35. Qh2 Rf8 36. Rh5 Qd8 37. Rh8+ Kf7 38. Qh5+ Ke7 39. Qh6 Rfg8 40. Qe6+ Kf8 41. Rh5 Qe7 42. Qc8+ Nd8 43. Re2 Qd7 44. Qxd7 Rxd7 45. bxa5 bxa5 46. Rb2 Nf7 47. Bf5 Re7 48. Be6 Rg6 49. Rh7 Rf6 50. Rb8+ Re8 51. Rxf7+ Rxf7 52. Rxe8+ Kxe8 53. Bxf7+ Kxf7 54. Kf2 Kf6 55. a4 Kg6 56. Ke3 Kf6 57. f4 exf4+ 58. Kxf4 Kg6 59. g5 Kg7 1-0

[Event "POL-chT U18 1st"]
[Site "Poland"]
[Date "2022.06.25"]
[Round "1.3"]
[White "Duda, Szymon"]
[Black "Wierzbicki, Dawid"]
[Result "0-1"]
[WhiteElo "1587"]
[BlackElo "1556"]
[PlyCount "112"]
[EventDate "2022.06.25"]
[EventType "team-swiss"]
[EventRounds "9"]
[EventCountry "POL"]
[SourceTitle "EXT 2023"]
[Source "ChessBase"]
[SourceDate "2022.10.05"]
[SourceVersion "1"]
[SourceVersionDate "2022.10.05"]
[SourceQuality "1"]
[WhiteTeam "Wieliczka MKS MOS"]
[BlackTeam "Rybnik"]
[WhiteTeamCountry "POL"]
[BlackTeamCountry "POL"]

1. e4 c5 2. Nf3 e6 3. c4 a6 4. Nc3 d6 5. d4 cxd4 6. Nxd4 Nf6 7. Be2 Be7 8. 0-0 0-0 9. f4 Nbd7 10. Bf3 Qc7 11. Qe2 Rb8 12. g4 Kh8 13. Be3 b6 14. Rac1 Bb7 15. Qg2 Nc5 16. g5 Ng8 17. f5 e5 18. Nb3 Rfd8 19. Nxc5 bxc5 20. Qh3 f6 21. gxf6 Bxf6 22. Bh5 Qe7 23. Rc2 Bg5 24. Bxg5 Qxg5+ 25. Rg2 Qh6 26. Qf3 Qf6 27. Kh1 Rf8 28. Rfg1 Nh6 29. Rxg7 Nxf5 30. Rxb7 Rxb7 31. exf5 Rxb2 32. Qg3 Rb7 33. Bf3 Rg7 34. Qxg7+ Qxg7 35. Rxg7 Kxg7 36. Be4 Rb8 37. Kg2 Rb4 38. Bd3 Rb2+ 39. Kg3 Rd2 40. Bf1 Rd4 41. Nd5 Rd2 42. a4 Ra2 43. a5 Rxa5 44. f6+ Kf8 45. Be2 Ra3+ 46. Kh4 Ra2 47. Bh5 Rxh2+ 48. Kg5 a5 49. Nc7 Rf2 50. Ne6+ Kg8 51. Be8 e4 52. Bc6 e3 53. Bd5 Kh8 54. Nf4 Rxf4 55. Kxf4 e2 56. f7 Kg7 0-1

[Event "Krakow Malopolski op"]
[Site "Krakow"]
[Date "2022.06.18"]
[Round "5"]
[White "Zamekhovskiy, Yevgen"]
[Black "Duda, Szymon"]
[Result "1-0"]
[WhiteElo "1926"]
[BlackElo "1587"]
[PlyCount "119"]
[EventDate "2022.06.16"]
[EventType "swiss"]
[EventRounds "7"]
[EventCountry "POL"]
[SourceTitle "EXT 2023"]
[Source "ChessBase"]
[SourceDate "2022.10.05"]
[SourceVersion "1"]
[SourceVersionDate "2022.10.05"]
[SourceQuality "1"]

1. d4 Nf6 2. Nf3 g6 3. g3 Bg7 4. Bg2 0-0 5. 0-0 c5 6. d5 d6 7. Nc3 e5 8. dxe6 fxe6 9. e4 Nc6 10. e5 dxe5 11. Nd2 Nd5 12. Nce4 b6 13. Re1 Ba6 14. c3 Rc8 15. h4 Bh6 16. Nf3 Bxc1 17. Rxc1 Nf6 18. Qa4 Bd3 19. Neg5 e4 20. Nd2 Qe7 21. Ndxe4 h6 22. Nh3 b5 23. Qa6 Nd5 24. Rcd1 Ne5 25. Nxc5 Rc6 26. Qa3 Nc4 27. Qb3 Qxc5 28. Rxd3 g5 29. hxg5 hxg5 30. Qc2 b4 31. Nxg5 bxc3 32. Rxd5 Qxf2+ 33. Qxf2 Rxf2 34. Kxf2 Rc8 35. bxc3 exd5 36. Bxd5+ Kg7 37. Bxc4 Rxc4 38. Ne4 Ra4 39. Re2 Kg6 40. Kf3 Kf5 41. g4+ Kg6 42. Kf4 Kg7 43. Rd2 Kg6 44. Rc2 Rc4 45. Ke5 Kg7 46. Kd5 Rc8 47. c4 Rd8+ 48. Nd6 Kf6 49. c5 Ke7 50. Re2+ Kd7 51. Rb2 Ke7 52. Kc6 a5 53. Re2+ Kf6 54. Kc7 Rh8 55. g5+ Kg6 56. c6 Rh7+ 57. Kb8 Rh8+ 58. Re8 Rh1 59. c7 Rb1+ 60. Ka7 1-0

[Event "Krakow Malopolski op"]
[Site "Krakow"]
[Date "2022.06.16"]
[Round "2"]
[White "Palacki, Rafal"]
[Black "Duda, Szymon"]
[Result "1-0"]
[WhiteElo "1840"]
[BlackElo "1587"]
[PlyCount "135"]
[EventDate "2022.06.16"]
[EventType "swiss"]
[EventRounds "7"]
[EventCountry "POL"]
[SourceTitle "EXT 2023"]
[Source "ChessBase"]
[SourceDate "2022.10.05"]
[SourceVersion "1"]
[SourceVersionDate "2022.10.05"]
[SourceQuality "1"]

1. d4 Nf6 2. c4 g6 3. Nc3 Bg7 4. e4 d6 5. Nf3 0-0 6. Be2 e5 7. 0-0 exd4 8. Nxd4 Re8 9. f3 Nc6 10. Nc2 Be6 11. Bg5 h6 12. Be3 Ne5 13. b3 Nfd7 14. Qd2 Kh7 15. Nd4 Nc5 16. Rad1 Qe7 17. Nxe6 fxe6 18. f4 Nc6 19. Bf3 Rad8 20. Ne2 a5 21. Ng3 Bf6 22. Rfe1 Qg7 23. Qf2 a4 24. Bxc5 dxc5 25. e5 Nxe5 26. fxe5 Bxe5 27. Qc2 axb3 28. axb3 c6 29. Qe4 Bd4+ 30. Kh1 Ra8 31. Bg4 Ra3 32. Rd3 e5 33. Rf1 Rf8 34. Rdf3 Rxf3 35. Qxf3 Ra1 36. Rxa1 Bxa1 37. Ne4 Qe7 38. g3 Kg7 39. h4 h5 40. Bh3 Bd4 41. Ng5 Qe8 42. Ne6+ Kh7 43. Qe4 Qa8 44. Bf1 Qe8 45. Ng5+ Kg7 46. Bd3 Bc3 47. g4 hxg4 48. Qxg4 e4 49. Bxe4 Bd2 50. Qe6 Qxe6 51. Nxe6+ Kf7 52. Nxc5 b5 53. Kg2 bxc4 54. bxc4 Kf6 55. Nd3 c5 56. Kf3 Bh6 57. Bd5 Bf8 58. Ke4 Bd6 59. Kf3 Be7 60. Kg4 Bd6 61. Nf4 Bc7 62. Be4 Bd8 63. Nxg6 Ke6 64. h5 Bf6 65. Bd5+ Kd6 66. h6 Kc7 67. Kf5 Bb2 68. Ke6 1-0

[Event "POL-ch U14"]
[Site "Uniejow"]
[Date "2021.07.21"]
[Round "4"]
[White "Duda, Szymon"]
[Black "Grot, Blazej"]
[Result "1/2-1/2"]
[WhiteElo "1413"]
[BlackElo "1786"]
[PlyCount "76"]
[EventDate "2021.07.18"]
[EventType "swiss"]
[EventRounds "9"]
[EventCountry "POL"]
[SourceTitle "EXT 2022"]
[Source "ChessBase"]
[SourceDate "2021.10.06"]
[SourceVersion "1"]
[SourceVersionDate "2021.10.06"]
[SourceQuality "1"]

1. d4 Nf6 2. c4 e6 3. Nf3 Bb4+ 4. Bd2 a5 5. Nc3 b6 6. e3 Bb7 7. Bd3 0-0 8. a3 Bxc3 9. Bxc3 Ne4 10. Bxe4 Bxe4 11. d5 c5 12. h4 exd5 13. cxd5 d6 14. Ng5 Bg6 15. Qg4 h6 16. Nxf7 Rxf7 17. Qxg6 Qe7 18. Rh3 Nd7 19. Qe6 Re8 20. Qxe7 Rexe7 21. Rd1 c4 22. Bd4 Rf5 23. Rg3 Rxd5 24. Ke2 b5 25. Bxg7 Rxd1 26. Bd4+ Kh7 27. Kxd1 Nf8 28. h5 Ne6 29. Rg6 d5 30. f3 b4 31. axb4 axb4 32. Kd2 Nxd4 33. exd4 Rf7 34. Re6 Rg7 35. g4 Rf7 36. Ke2 Rb7 37. Kd2 Rf7 38. Ke2 Rb7 1/2-1/2

[Event "POL-ch U14"]
[Site "Uniejow"]
[Date "2021.07.20"]
[Round "2"]
[White "Duda, Szymon"]
[Black "Kazmierowski, Tymon"]
[Result "0-1"]
[WhiteElo "1413"]
[BlackElo "1782"]
[PlyCount "69"]
[EventDate "2021.07.18"]
[EventType "swiss"]
[EventRounds "9"]
[EventCountry "POL"]
[SourceTitle "EXT 2022"]
[Source "ChessBase"]
[SourceDate "2021.10.06"]
[SourceVersion "1"]
[SourceVersionDate "2021.10.06"]
[SourceQuality "1"]

1. d4 Nf6 2. c4 e6 3. Nf3 b6 4. Nc3 Bb4 5. Bd2 Bb7 6. e3 0-0 7. Bd3 d6 8. 0-0 Bxc3 9. Bxc3 Ne4 10. Nd2 Nxc3 11. bxc3 Nd7 12. Be4 Bxe4 13. Nxe4 f5 14. Ng3 e5 15. f4 e4 16. Ne2 Qe7 17. Nc1 Qf7 18. Qe2 Nf6 19. Nb3 c6 20. Rac1 Rac8 21. Rfd1 Rc7 22. c5 d5 23. Rb1 Nd7 24. Qb2 Rb8 25. cxb6 Rxb6 26. Qa3 Rcb7 27. Nd2 Qh5 28. Kf2 Nf6 29. h3 Qh4+ 30. Kf1 Qg3 31. Rxb6 Rxb6 32. Re1 h6 33. Nb3 Rb7 34. Qd6 Qg6 35. Ke2 0-1

[Event "Poronin Tatra Limba op-B"]
[Site "Poronin"]
[Date "2021.05.28"]
[Round "9.4"]
[White "Wojtas, Julia"]
[Black "Duda, Szymon"]
[Result "0-1"]
[WhiteElo "1549"]
[BlackElo "1411"]
[PlyCount "116"]
[EventDate "2021.05.22"]
[EventType "swiss"]
[EventRounds "9"]
[EventCountry "POL"]
[SourceTitle "EXT 2022"]
[Source "ChessBase"]
[SourceDate "2021.10.06"]
[SourceVersion "1"]
[SourceVersionDate "2021.10.06"]
[SourceQuality "1"]

1. e4 e5 2. Nf3 Nf6 3. Nxe5 d6 4. Nf3 Nxe4 5. Nc3 Nf6 6. d4 d5 7. Bd3 Be7 8. Bf4 c6 9. Qd2 Nbd7 10. 0-0-0 Nf8 11. h3 Ne6 12. Be3 a5 13. Ne5 a4 14. a3 Nd7 15. Nxd7 Bxd7 16. f4 b5 17. f5 Nc7 18. Na2 Na6 19. Qe2 Kf8 20. g4 Bg5 21. Kb1 Qf6 22. Bxg5 Qxg5 23. h4 Qf4 24. Rhf1 Qd6 25. g5 h6 26. f6 g6 27. gxh6 Rxh6 28. Qe3 Rh8 29. Qg5 Rh5 30. Qg2 Rxh4 31. Qg5 Qh2 32. Rh1 Qxh1 33. Rxh1 Rxh1+ 34. Nc1 Re8 35. b4 Ree1 36. Qg3 Rxc1+ 37. Kb2 Be8 38. Qd6+ Kg8 39. Bxg6 Nxb4 40. axb4 Rb1+ 41. Ka2 Ra1+ 42. Kb2 Rab1+ 43. Kc3 a3 44. Bxf7+ Kh7 45. Qf8 Rh3+ 46. Kd2 Rh2+ 47. Ke3 Rg1 48. Bxe8 a2 49. Qf7+ Kh8 50. Qf8+ Kh7 51. Qe7+ Kh6 52. Qf8+ Kh7 53. Qf7+ Kh8 54. Qf8+ Rg8 55. Qd6 Rh3+ 56. Kf2 a1Q 57. f7 Qg1+ 58. Ke2 Rg2# 0-1

[Event "Ustron op-C"]
[Site "Ustron"]
[Date "2020.08.15"]
[Round "5"]
[White "Duda, Szymon"]
[Black "Piotrowski, Daniel"]
[Result "1/2-1/2"]
[WhiteElo "1531"]
[BlackElo "1646"]
[PlyCount "47"]
[EventDate "2020.08.15"]
[EventType "swiss"]
[EventRounds "9"]
[EventCountry "POL"]
[SourceTitle "EXT 2021"]
[Source "ChessBase"]
[SourceDate "2020.10.23"]
[SourceVersion "1"]
[SourceVersionDate "2020.10.23"]
[SourceQuality "1"]

1. d4 Nf6 2. Nf3 g6 3. b3 d5 4. e3 Bg7 5. Bb2 0-0 6. c4 c6 7. Bd3 Nbd7 8. 0-0 b6 9. Nc3 Bb7 10. cxd5 cxd5 11. Rc1 Rc8 12. Ne2 Ne4 13. Rxc8 Qxc8 14. Qc2 Qxc2 15. Bxc2 Ndf6 16. Ng3 Nxg3 17. hxg3 Rc8 18. Rc1 e6 19. Bd3 Rxc1+ 20. Bxc1 Bf8 21. Kf1 Bd6 22. Ke2 Kf8 23. Bb2 Ke7 24. Nd2 1/2-1/2

[Event "Ustron op-C"]
[Site "Ustron"]
[Date "2020.08.15"]
[Round "7"]
[White "Duda, Szymon"]
[Black "Raba, Bartosz"]
[Result "0-1"]
[WhiteElo "1531"]
[BlackElo "1614"]
[PlyCount "60"]
[EventDate "2020.08.15"]
[EventType "swiss"]
[EventRounds "9"]
[EventCountry "POL"]
[SourceTitle "EXT 2021"]
[Source "ChessBase"]
[SourceDate "2020.10.23"]
[SourceVersion "1"]
[SourceVersionDate "2020.10.23"]
[SourceQuality "1"]

1. e4 c6 2. Nf3 d5 3. exd5 cxd5 4. Ne5 Nf6 5. d4 Bf5 6. Bd3 Bxd3 7. Qxd3 Nc6 8. c3 e6 9. Be3 Bd6 10. f4 Ne4 11. 0-0 0-0 12. Nd2 f5 13. Rf3 a6 14. c4 Nxd2 15. Bxd2 Bxe5 16. dxe5 dxc4 17. Qxc4 Qxd2 18. Qxe6+ Rf7 19. Qc4 Qd4+ 20. Qxd4 Nxd4 21. Rd3 Ne2+ 22. Kf1 Nxf4 23. Rd6 Re8 24. g3 Ne6 25. Rad1 Rfe7 26. R6d5 Kf7 27. Kg2 Nc7 28. Rc5 Ne6 29. Rcd5 Nf8 30. Kf3 Rxe5 0-1

[Event "POL-chT U20 2nd League"]
[Site "Sypniewo"]
[Date "2020.??.??"]
[Round "7.32"]
[White "Cieply, Krzysztof"]
[Black "Duda, Szymon"]
[Result "1-0"]
[WhiteElo "1573"]
[BlackElo "1529"]
[PlyCount "119"]
[EventDate "2020.10.23"]
[EventType "team-swiss"]
[EventRounds "9"]
[EventCountry "POL"]
[SourceTitle "CBM 199 Extra"]
[Source "ChessBase"]
[SourceDate "2021.01.31"]
[SourceVersion "1"]
[SourceVersionDate "2021.01.31"]
[SourceQuality "1"]

1. e4 e5 2. Nf3 Nc6 3. d4 exd4 4. Bc4 Nf6 5. e5 d5 6. Bb5 Ne4 7. Nxd4 Bd7 8. Bxc6 bxc6 9. 0-0 Bc5 10. f3 Ng5 11. f4 Ne4 12. Be3 Qh4 13. Nd2 Nxd2 14. Qxd2 0-0 15. Nb3 Bb6 16. Bc5 Rfe8 17. a4 Rad8 18. a5 Bxc5+ 19. Nxc5 f6 20. exf6 Qxf6 21. c3 Bf5 22. Rae1 Qg6 23. Re5 Kf8 24. Qd4 Qf6 25. Rfe1 h6 26. Nb7 Ra8 27. Rxe8+ Rxe8 28. Rxe8+ Kxe8 29. Qxa7 Qe7 30. Qf2 Qe4 31. h3 Qa4 32. Qe2+ Kf8 33. a6 Bc8 34. Nc5 Qa5 35. b4 Qb6 36. Kh2 Kf7 37. Qe5 Kf8 38. f5 Kf7 39. Kg3 Qa7 40. Kh2 Qb6 41. g4 Bd7 42. Qe1 Bc8 43. Qe2 Kf8 44. Kg3 Kf7 45. Kh4 Qb8 46. Kh5 Qa8 47. h4 Qb8 48. Qe5 Qa8 49. Qxc7+ Kg8 50. Qd8+ Kh7 51. Qf8 Qb8 52. Qf7 Qa8 53. a7 Bb7 54. Ne6 Qh8 55. Nf8+ Qxf8 56. Qxf8 d4 57. cxd4 c5 58. a8R Bxa8 59. Qxa8 cxd4 60. Qb7 1-0

[Event "POL-chT U20 2nd League"]
[Site "Sypniewo"]
[Date "2020.??.??"]
[Round "4.39"]
[White "Duda, Szymon"]
[Black "Karut, Kacper"]
[Result "0-1"]
[WhiteElo "1529"]
[BlackElo "1657"]
[PlyCount "118"]
[EventDate "2020.10.23"]
[EventType "team-swiss"]
[EventRounds "9"]
[EventCountry "POL"]
[SourceTitle "CBM 199 Extra"]
[Source "ChessBase"]
[SourceDate "2021.01.31"]
[SourceVersion "1"]
[SourceVersionDate "2021.01.31"]
[SourceQuality "1"]

1. e4 c5 2. Nf3 d6 3. d4 cxd4 4. Nxd4 Nf6 5. Nc3 Nc6 6. Bc4 e6 7. Bb3 Be7 8. Be3 0-0 9. h3 Nxd4 10. Bxd4 b6 11. e5 dxe5 12. Bxe5 Ba6 13. Qxd8 Rfxd8 14. Rd1 Rac8 15. Ba4 h6 16. Bb5 Rxd1+ 17. Kxd1 Bxb5 18. Nxb5 Rc5 19. Bxf6 Bxf6 20. Nc3 Bxc3 21. bxc3 Rxc3 22. Kd2 Ra3 23. Ra1 Kf8 24. c3 Ke7 25. Kc2 Ra5 26. Kb3 Rb5+ 27. Kc2 Re5 28. Kd3 Kd6 29. Rb1 Rd5+ 30. Kc2 e5 31. c4 Rc5 32. Kd3 Ra5 33. Rb2 Ra3+ 34. Ke2 Rc3 35. Rd2+ Ke6 36. Rb2 Rxc4 37. Kd3 Rc5 38. Ke3 f5 39. Rd2 Rc3+ 40. Ke2 Ra3 41. f3 Rc3 42. Kf2 b5 43. Rb2 a6 44. Rd2 b4 45. Kg1 Rc8 46. Kh2 a5 47. Kg3 a4 48. Rb2 Rb8 49. f4 e4 50. Kf2 b3 51. a3 Rc8 52. Ke3 Rc2 53. Rb1 Rxg2 54. Kd4 Rg3 55. Kc4 Rd3 56. Rg1 Kf6 57. Kb4 e3 58. Kxa4 e2 59. Re1 b2 0-1

[Event "POL-chT U20 2nd League"]
[Site "Sypniewo"]
[Date "2020.??.??"]
[Round "3.57"]
[White "Motyl, Mateusz"]
[Black "Duda, Szymon"]
[Result "0-1"]
[WhiteElo "1109"]
[BlackElo "1529"]
[PlyCount "56"]
[EventDate "2020.10.23"]
[EventType "team-swiss"]
[EventRounds "9"]
[EventCountry "POL"]
[SourceTitle "CBM 199 Extra"]
[Source "ChessBase"]
[SourceDate "2021.01.31"]
[SourceVersion "1"]
[SourceVersionDate "2021.01.31"]
[SourceQuality "1"]

1. e4 e5 2. Nf3 Nc6 3. Bc4 Bc5 4. c3 Nf6 5. d3 d6 6. Bb3 Bg4 7. Nbd2 0-0 8. h3 Bh5 9. Nf1 h6 10. Ng3 Bg6 11. 0-0 Bb6 12. Kh2 Nd7 13. Qe2 Kh8 14. Be3 f5 15. exf5 Bxf5 16. Bxb6 axb6 17. Ne4 Bxe4 18. dxe4 Qf6 19. Rad1 Ne7 20. Qc4 Nc5 21. Bc2 Ng6 22. b4 Ne6 23. Bb3 Rae8 24. a4 Ngf4 25. g3 Nxh3 26. Kg2 Qxf3+ 27. Kxh3 Nf4+ 28. Kh2 Qg2# 0-1

[Event "POL-chT U20 2nd League"]
[Site "Sypniewo"]
[Date "2020.??.??"]
[Round "5.39"]
[White "Rainer, Piotr"]
[Black "Duda, Szymon"]
[Result "1/2-1/2"]
[WhiteElo "1763"]
[BlackElo "1529"]
[PlyCount "106"]
[EventDate "2020.10.23"]
[EventType "team-swiss"]
[EventRounds "9"]
[EventCountry "POL"]
[SourceTitle "CBM 199 Extra"]
[Source "ChessBase"]
[SourceDate "2021.01.31"]
[SourceVersion "1"]
[SourceVersionDate "2021.01.31"]
[SourceQuality "1"]

1. e4 d5 2. exd5 Qxd5 3. Nc3 Qd8 4. d4 c6 5. Bc4 Nf6 6. Nf3 Bf5 7. 0-0 e6 8. h3 Nbd7 9. Nh4 Bg6 10. Nxg6 hxg6 11. Qd3 Nd5 12. Bxd5 cxd5 13. Bf4 a6 14. Rfe1 Nf6 15. Rad1 Be7 16. Qf3 0-0 17. g3 Nh5 18. Bc1 Rc8 19. Kg2 b5 20. a3 Qd7 21. Rh1 a5 22. Qd3 b4 23. axb4 axb4 24. Ne2 Qc6 25. c3 bxc3 26. bxc3 Qc4 27. Qxc4 Rxc4 28. Be3 Rfc8 29. Ra1 Nf6 30. f3 Ne8 31. Rhb1 Kf8 32. h4 R4c6 33. Bc1 Bd6 34. g4 e5 35. Be3 exd4 36. Bxd4 Bc5 37. Ra4 Bxd4 38. Rxd4 Nc7 39. Rb7 Rc5 40. Rf4 f6 41. Kg3 Kg8 42. Ra4 Ne6 43. Raa7 R5c7 44. Rxc7 Rxc7 45. Rxc7 Nxc7 46. Nd4 Kf7 47. Kf4 Ne6+ 48. Nxe6 Kxe6 49. h5 g5+ 50. Ke3 Ke5 51. f4+ Ke6 52. fxg5 fxg5 53. Kd4 Kd6 1/2-1/2